DESIGN AND ANALYSIS OF EXPERIMENTS, 3RD ED / (Record no. 19245)
[ view plain ]
| 000 -الفاتح | |
|---|---|
| حقل البيانات ثابتة الطول | 00508nam a2200157Ia 4500 |
| 008 - عناصر البيانات ثابتة الطول - معلومات عامة | |
| حقل البيانات ثابتة الطول | 140319s9999 xx 000 0 eng d |
| 040 ## - مصدر الفهرسة | |
| وكالة الفهرسة الأصلية | GCL / |
| وكالة النسخ | GCL |
| 082 04 - رقم تصنيف ديوى العشرى | |
| رقم التصنيف | 001. 434 |
| رقم المادة | MD |
| 100 1# - المدخل الرئيسى - إسم شخصى | |
| الإسم الشخصى | PETER COLLIN PUBLISHING |
| 245 10 - بيان العنوان | |
| العنوان | DESIGN AND ANALYSIS OF EXPERIMENTS, 3RD ED / |
| بيان المسئوليه,etc | PETER COLLIN PUBLISHING |
| 260 ## - PUBLICATION, DISTRIBUTION, ETC. (IMPRINT) | |
| تاريخ النشر أو التوزيع | 1991 |
| 300 ## - الوصف المادى | |
| التعداد | 649 PP |
| 650 04 - المدخل الاضافى بالموضوع-مصطلح موضوعى | |
| مصطلح موضوعي | EXPERIMENTAL DESIGN |
| 942 ## - عناصر المدخل الإضافي( كوها) | |
| مصدر التصنيف او مخطط الترفيف | Dewey Decimal Classification |
| Koha [default] item type | كتاب |
| 100 1# - المدخل الرئيسى - إسم شخصى | |
| -- | Jt. author |
| -- | |
| -- | ؤÙ٠٠شار٠|
| 260 ## - PUBLICATION, DISTRIBUTION, ETC. (IMPRINT) | |
| -- | [S.N] : |
| -- | Macmillan Publishing Company ، |
| حالة التراجع | حالة الفقد | حالة تلف | ليس للاعارة | المكان المؤقت | الموقع الحالى | تاريخ الاكتساب | اجمالي اﻻعارات | رقم الطلب | الباركود | تاريخ اخر مشاهدة | تاريخ تفعيل السعر | نوع وعاء كوها |
|---|---|---|---|---|---|---|---|---|---|---|---|---|
| مكتبة القاهرة الكبرى | مكتبة القاهرة الكبرى | 03/26/2014 | 001. 434\MD | 36806 | 03/26/2014 | 03/26/2014 | كتاب |

